Design of concrete structures (Record no. 3622)

000 -LEADER
fixed length control field 00547nam a22002057a 4500
001 - CONTROL NUMBER
control field 3622
003 - CONTROL NUMBER IDENTIFIER
control field BD-DhUET
008 - FIXED-LENGTH DATA ELEMENTS--GENERAL INFORMATION
fixed length control field 141102b xxu||||| |||| 00| 0 eng d
040 ## - CATALOGING SOURCE
Transcribing agency 0
Modifying agency BD-DhUET
082 ## - DEWEY DECIMAL CLASSIFICATION NUMBER
Classification number 624.183
Item number WIN/1972
100 ## - MAIN ENTRY--PERSONAL NAME
Personal name Winter, George
245 ## - TITLE STATEMENT
Title Design of concrete structures
Statement of responsibility, etc. by George Winter and Arthur H. Nilson
250 ## - EDITION STATEMENT
Edition statement 8th ed.
260 ## - PUBLICATION, DISTRIBUTION, ETC. (IMPRINT)
Place of publication, distribution, etc. New York
Name of publisher, distributor, etc. McGraw-Hill
Date of publication, distribution, etc. 1972
300 ## - PHYSICAL DESCRIPTION
Extent xii,615p.
504 ## - BIBLIOGRAPHY, ETC. NOTE
Bibliography, etc Includes bibliographies
650 #0 - SUBJECT ADDED ENTRY--TOPICAL TERM
Topical term or geographic name as entry element Reinforced concrete
700 ## - ADDED ENTRY--PERSONAL NAME
Personal name Nilson, Arthur H.
942 ## - ADDED ENTRY ELEMENTS (KOHA)
Koha item type General Book
Holdings
Shelving location Copy number Location (home branch) Koha issues (times borrowed) Not for loan Koha normalized classification for sorting Koha item type Koha date last seen Koha full call number Koha date last borrowed Damaged status Date acquired Withdrawn status Piece designation (barcode) Price effective from Lost status Source of classification or shelving scheme Sublocation or collection (holding branch)
Circulation section1Central Library, BUET2 624_183000000000000_WIN_1972General Book2025-06-18624.183/WIN/19722025-05-26 2014-11-02 398702014-11-02  Central Library, BUET
Circulation section2Central Library, BUET1 624_000000000000000_183WIN1972General Book2025-05-28624.183/WIN/19722025-05-26 2014-11-02 442532014-11-02  Central Library, BUET
Circulation section3Central Library, BUET  624_000000000000000_183WIN1972General Book2014-11-18624.183/WIN/1972  2014-11-18 398692014-11-18  Central Library, BUET
Circulation section4Central Library, BUET  624_000000000000000_183WIN1972General Book2014-11-18624.183/WIN/1972  2014-11-18 398712014-11-18  Central Library, BUET
Circulation section5Central Library, BUET2 624_183000000000000_WIN_1972General Book2025-06-28624.183/WIN/19722025-05-27 2015-02-22 428442015-02-22  Central Library, BUET
Circulation section6Central Library, BUET  624_183000000000000_WIN_1972General Book2015-02-22624.183/WIN/1972  2015-02-22 549302015-02-22  Central Library, BUET
Circulation section7Central Library, BUET1 624_183000000000000_WIN_1972General Book2025-05-27624.183/WIN/19722025-05-26 2015-05-07 451122015-05-07  Central Library, BUET